Score 0/16 Timer 02:00
0 Plays Today
TV Comedy Show Missing Word % Correct
Sabrina, the ___ WitchTeenage
97.4%
___ of a KindTwo
96.2%
Step by ___Step
96.1%
Boy Meets ___World
94.3%
Full ___House
93.6%
Odd Man ___Out
89.5%
___ MattersFamily
88.8%
8 ___ RulesSimple
85.2%
TV Comedy Show Missing Word % Correct
___ LopezGeorge
80.9%
___ Than PerfectLess
76.5%
___ & FaithHope
71.9%
___ BelvedereMr.
63.2%
___ with Mr. CooperHangin'
53.9%
Just the ___ of UsTen
46.2%
___ with BonnieLife
45.6%
Perfect ___Strangers
37.4%

Today's Daily Dose

Missing Word
'T' Pairs

Word Ladder
Game Pieces

Get the Picture
Baseball Movies

Remove Ads.
Support Sporcle.
Get the best of Sporcle when you Go Orange. This ad-free experience offers more features, more stats, and more fun while also helping to support Sporcle. Thank you for becoming a member.

You're not logged in!

Compare scores with friends on all Sporcle quizzes.
OR
Log In

Show Comments

Extras

Top Quizzes Today


Score Distribution

Your Account Isn't Verified!

In order to create a playlist on Sporcle, you need to verify the email address you used during registration. Go to your Sporcle Settings to finish the process.

Report this User

Report this user for behavior that violates our Community Guidelines.

Details: